000 00948nam a22003377a 4500
001 2964004
003 DO-SdBNP
005 20180221155115.0
007 2964004
008 910110s2002 sp a 000 0 hun
010 _a
020 _a8421612077
040 _aBPMSU
_bspa
_cBPMSU
050 0 0 _a
100 _aPerera, Hilda
245 1 0 _aMAMÚ /
_b
_cHilda Perera ; ilustración Luis Sánchez Robles ; edición Cristina González
250 _a16a. ed.
260 _aMadrid :
_bBruno,
_c 2002.
300 _a121 p. :
_bil. ;
_c20 cm.
490 _aAlta Mas
_v29
500 _a
521 _aA partir de 8 años.
586 _aPremio Lazarillo, 1975 y 1978.
586 _aLista de honor premio CCEI, 1991.
700 1 _a Sánchez Robles, Luis
_eil.
700 1 _a González, Cristina
_eed.
830 _aAlta Mas
_v29
942 _2ddc
_cBK
945 _aInventariado, 2018/ YL
956 _a VMATEO
_b10
_c20160518
_d0069
999 _c10159
_d10159